The mythology of evolution /

What is the nature of life? Scientists turn to natural selection, genes or adaptation to explain the living world, but much of the imagery used to present evolution threatens to distort our understanding of the incredible history of our planet. There is no science without mythology, and the only way...

Full description

Bibliographic Details
Main Author: Bateman, Chris
Format: Book
Language:English
Published: Winchester, UK ; Washington, USA : Zero Books, 2012.
Subjects:

MARC

Tag First Indicator Second Indicator Subfields
LEADER 00000cam a2200000Ia 4500
001 in00002782075
005 20210612063110.0
008 120714s2012 enk b 000 0 eng d
020 |a 9781780996493 
020 |a 1780996497 
035 |a (OCoLC)ocn800024066 
035 |a (OCoLC)800024066 
040 |a BTCTA  |b eng  |c BTCTA  |d TXA  |d UtOrBLW 
049 |a TXAM 
090 |a QH360.5  |b .M98 2012 
100 1 |a Bateman, Chris. 
245 1 4 |a The mythology of evolution /  |c Chris Bateman. 
264 1 |a Winchester, UK ;  |a Washington, USA :  |b Zero Books,  |c 2012. 
300 |a xi, 265 pages ;  |c 22 cm. 
336 |a text  |b txt  |2 rdacontent 
337 |a unmediated  |b n  |2 rdamedia 
338 |a volume  |b nc  |2 rdacarrier 
504 |a Includes bibliographical references. 
520 |a What is the nature of life? Scientists turn to natural selection, genes or adaptation to explain the living world, but much of the imagery used to present evolution threatens to distort our understanding of the incredible history of our planet. There is no science without mythology, and the only way to reveal the facts is to understand the fictions. The Mythology of Evolution exposes the seven spins given to evolutionary theory, each resting upon an ideological interpretation of an otherwise neutral idea. There are myths of progress and destiny, such as the "ladder of progress" and only the strong survive. There are stories magnifying the significance of genes such as the "selfish gene" or "kin selection". There are more grandiose myths such as "survival of the fittest" and the infamous "intelligent design". All relate to a final myth -- that of "science as truth". By liberating evolution from these misrepresentative stories, we can find a more nuanced vision of life that shows how advantages persist, trust is beneficial, and the diversity of species emerges from a refinement of possibilities made possible by a chain of inheritance that stretches back to the beginnings of life itself. Acclaimed game designer, philosopher and author Chris Bateman is an expert on play and games, and undertakes philosophical investigations in a spirit of open-minded enquiry. 
650 0 |a Evolution (Biology)  |x Philosophy. 
650 0 |a Evolution (Biology)  |x Mythology. 
650 0 |a Creation  |x Mythology. 
994 |a C0  |b TXA 
948 |a cataloged  |b h  |c 2012/10/10  |d c  |e nbehmer  |f 2:19:12 pm 
999 |a MARS 
999 f f |s 8ace6a61-0757-3af8-8220-f6b221074b55  |i 5cae8376-9805-3bbd-9edd-c071df165239  |t 0 
952 f f |p normal  |a Texas A&M University  |b College Station  |c Sterling C. Evans Library  |d Evans: Library Stacks  |t 0  |e QH360.5 .M98 2012  |h Library of Congress classification  |i unmediated -- volume  |m A14841515451 
998 f f |a QH360.5 .M98 2012  |t 0  |l Evans: Library Stacks